| 000 | 00834cam a2200265 a 4500 | ||
|---|---|---|---|
| 001 | 25861 | ||
| 003 | BD-RjUL | ||
| 005 | 20211209050934.0 | ||
| 008 | 140319s1985 ii af b 001 0 eng | ||
| 035 | _a(BD-RjUL)25931 | ||
| 040 |
_aDLC _cDLC _dBD-RjUL _beng |
||
| 041 | _aeng | ||
| 082 | 0 | 0 |
_a294.095413 _219 _bDAC 1985 |
| 100 | 1 |
_aDas, H. C., _d1935- _979468 |
|
| 245 | 1 | 0 |
_aCultural development in Orissa / _cH.C. Das. |
| 260 |
_aCalcutta : _bPunthi Pustak, _c1985. |
||
| 300 |
_axvii, 430 p., [23] p. of plates : _bill. ; _c24 cm. |
||
| 504 | _aIncludes index & Bibliography: p. [427]-430. | ||
| 651 | 0 |
_aOrissa (India) _xReligion. _979469 |
|
| 651 | 0 |
_aOrissa (India) _xCivilization. _979470 |
|
| 942 |
_2ddc _cBK |
||
| 999 |
_c25861 _d25861 |
||